000 00670nam a2200205Ia 4500
003 GCL
008 140319s9999 xx 000 0 ara d
040 _aGCL /
_cGCL
082 0 4 _a252
_bم ا
100 1 _aمحمد عبدالمقصود جادالله
245 1 0 _aاحكام العبادات: الصلاة الذكاة, الصوم الحج: دراسةشاملة لمذاهب الفقهاء /
_cمحمد عبدالمقصود جادالله
260 _a[S.N] :
_bمطبعة دار الكتب ،
_c1986
300 _a331 ص
490 _a
650 0 4 _aالحج
650 0 4 _aالصلاة
650 0 4 _aالصوم
650 0 4 _aالزكاة
942 _2ddc
_cBK
999 _c54734
_d54734